[Event "c14"]
[Site "?"]
[Date "2020.08.27"]
[Round "8.1"]
[White "Jedraszek, Pawel"]
[Black "Chyzy, Jakub"]
[Result "1/2-1/2"]
[BlackElo "2005"]
[WhiteElo "1490"]
[LiveChessVersion "1.4.8"]

1. Nf3 {[%clk 0:03:03]} Nf6 {[%clk 0:03:02]} 2. c4 {[%clk 0:03:02]} d6
{[%clk 0:03:01]} 3. g3 {[%clk 0:03:02]} Nbd7 {[%clk 0:03:01]} 4. Bg2
{[%clk 0:03:01]} e5 {[%clk 0:03:01]} 5. d3 {[%clk 0:03:01]} g6 {[%clk 0:03:00]}
6. O-O {[%clk 0:03:02]} Bg7 {[%clk 0:03:01]} 7. Nc3 {[%clk 0:03:01]} O-O
{[%clk 0:03:02]} 8. Rb1 {[%clk 0:03:02]} a5 {[%clk 0:03:01]} 9. a3
{[%clk 0:03:02]} c6 {[%clk 0:02:59]} 10. Ne1 {[%clk 0:02:46]} Nb6
{[%clk 0:02:38]} 11. Bg5 {[%clk 0:02:27]} h6 {[%clk 0:02:24]} 12. Bxf6
{[%clk 0:02:27]} Bxf6 {[%clk 0:02:16]} 13. b4 {[%clk 0:02:28]} axb4
{[%clk 0:02:16]} 14. axb4 {[%clk 0:02:30]} d5 {[%clk 0:02:15]} 15. cxd5
{[%clk 0:02:27]} cxd5 {[%clk 0:02:15]} 16. e4 {[%clk 0:02:25]} Be6
{[%clk 0:02:01]} 17. Qd2 {[%clk 0:02:12]} Bg7 {[%clk 0:01:52]} 18. Nc2
{[%clk 0:01:44]} Qd7 {[%clk 0:01:34]} 19. Ra1 {[%clk 0:01:26]} f5
{[%clk 0:01:05]} 20. exf5 {[%clk 0:01:06]} gxf5 {[%clk 0:01:05]} 21. d4
{[%clk 0:00:46]} Nc4 {[%clk 0:01:01]} 22. Qd3 {[%clk 0:00:42]} e4
{[%clk 0:01:02]} 23. Qe2 {[%clk 0:00:40]} Rxa1 {[%clk 0:01:00]} 24. Rxa1
{[%clk 0:00:41]} f4 {[%clk 0:01:01]} 25. Qh5 {[%clk 0:00:20]} f3 {[%clk 0:00:50]}
26. Bf1 {[%clk 0:00:21]} e3 {[%clk 0:00:46]} 27. Bxc4 {[%clk 0:00:18]} exf2+
{[%clk 0:00:41]} 28. Kxf2 {[%clk 0:00:19]} dxc4 {[%clk 0:00:42]} 29. Rd1
{[%clk 0:00:12]} Bf5 {[%clk 0:00:38]} 30. Ne3 {[%clk 0:00:12]} Bxd4
{[%clk 0:00:34]} 31. Qxh6 {[%clk 0:00:05]} Re8 {[%clk 0:00:23]} 32. Qg5+
{[%clk 0:00:05]} Kf8 {[%clk 0:00:09]} 33. Rxd4 {[%clk 0:00:06]} Qxd4
{[%clk 0:00:11]} 34. Qxf5+ {[%clk 0:00:08]} Kg7 {[%clk 0:00:10]} 35. Qg5+
{[%clk 0:00:08]} Kf7 {[%clk 0:00:10]} 36. Qf5+ {[%clk 0:00:09]} Kg7
{[%clk 0:00:11]} 37. Qg5+ {[%clk 0:00:07]} Kf8 {[%clk 0:00:09]} 38. Qf4+
{[%clk 0:00:05]} Qxf4 {[%clk 0:00:06]} 39. gxf4 {[%clk 0:00:07]} Rd8
{[%clk 0:00:07]} 40. Ned5 {[%clk 0:00:08]} b5 {[%clk 0:00:05]} 41. Kxf3
{[%clk 0:00:08]} Kf7 {[%clk 0:00:06]} 42. Ke4 {[%clk 0:00:07]} Rh8
{[%clk 0:00:08]} 43. Nc7 {[%clk 0:00:06]} Rxh2 {[%clk 0:00:08]} 44. N7xb5
{[%clk 0:00:07]} Rb2 {[%clk 0:00:09]} 45. Nd6+ {[%clk 0:00:05]} Kf8
{[%clk 0:00:07]} 46. Nxc4 {[%clk 0:00:06]} Rxb4 {[%clk 0:00:09]} 47. Kd5
{[%clk 0:00:07]} Rb3 {[%clk 0:00:09]} 48. Ne4 {[%clk 0:00:08]} Rf3
{[%clk 0:00:10]} 49. Ke5 {[%clk 0:00:10]} Rxf4 {[%clk 0:00:11]} 50. Kxf4
{[%clk 0:00:11]} 1/2-1/2

[Event "c14"]
[Site "?"]
[Date "2020.08.27"]
[Round "8.2"]
[White "Fiszer, Bartosz"]
[Black "Wojdak, Jan"]
[Result "0-1"]
[BlackElo "1772"]
[WhiteElo "1905"]
[LiveChessVersion "1.4.8"]

1. e4 {[%clk 0:03:02]} d5 {[%clk 0:03:04]} 2. exd5 {[%clk 0:03:01]} Qxd5
{[%clk 0:03:05]} 3. Nc3 {[%clk 0:03:01]} Qd8 {[%clk 0:03:06]} 4. d4
{[%clk 0:02:59]} Nf6 {[%clk 0:03:07]} 5. Nf3 {[%clk 0:03:00]} g6 {[%clk 0:03:08]}
6. Bc4 {[%clk 0:02:45]} Bg7 {[%clk 0:03:09]} 7. O-O {[%clk 0:02:42]} O-O
{[%clk 0:03:11]} 8. Ne5 {[%clk 0:02:40]} Nbd7 {[%clk 0:02:42]} 9. Bb3
{[%clk 0:02:14]} c5 {[%clk 0:02:24]} 10. Nxd7 {[%clk 0:01:46]} Nxd7
{[%clk 0:02:26]} 11. Be3 {[%clk 0:01:44]} cxd4 12. Bxd4 {[%clk 0:01:45]} Nf6
{[%clk 0:02:22]} 13. Be5 {[%clk 0:01:40]} Bf5 {[%clk 0:02:19]} 14. Qe2
{[%clk 0:01:38]} a6 {[%clk 0:01:32]} 15. Rad1 {[%clk 0:01:36]} Qa5
{[%clk 0:01:31]} 16. Nd5 {[%clk 0:00:59]} Nxd5 {[%clk 0:01:21]} 17. Rxd5
{[%clk 0:00:59]} Qb4 {[%clk 0:00:54]} 18. Bxg7 {[%clk 0:00:32]} Kxg7
{[%clk 0:00:55]} 19. c3 {[%clk 0:00:27]} Qh4 {[%clk 0:00:55]} 20. Rfd1
{[%clk 0:00:17]} e6 {[%clk 0:00:49]} 21. Rd7 {[%clk 0:00:17]} b5 {[%clk 0:00:26]}
22. g3 {[%clk 0:00:12]} Qf6 {[%clk 0:00:26]} 23. Qe3 {[%clk 0:00:10]} h5
{[%clk 0:00:17]} 24. Qd4 {[%clk 0:00:07]} e5 {[%clk 0:00:17]} 25. Qd6
{[%clk 0:00:05]} Bxd7 {[%clk 0:00:17]} 26. Qxf6+ Kxf6 {[%clk 0:00:18]} 27. Rxd7
{[%clk 0:00:07]} a5 {[%clk 0:00:15]} 28. Rb7 {[%clk 0:00:06]} Rab8
{[%clk 0:00:15]} 29. Ra7 {[%clk 0:00:07]} a4 {[%clk 0:00:16]} 30. Bd5
{[%clk 0:00:07]} Kg7 {[%clk 0:00:11]} 31. Kg2 {[%clk 0:00:08]} Rb6
{[%clk 0:00:10]} 32. Be4 {[%clk 0:00:06]} Rd8 {[%clk 0:00:08]} 33. b3
{[%clk 0:00:06]} axb3 {[%clk 0:00:09]} 34. axb3 {[%clk 0:00:07]} Rc8
{[%clk 0:00:10]} 35. Bd5 {[%clk 0:00:06]} Rxc3 {[%clk 0:00:09]} 36. Bxf7
{[%clk 0:00:06]} Kh6 {[%clk 0:00:10]} 37. Ra8 {[%clk 0:00:07]} Rf6
{[%clk 0:00:08]} 38. Bd5 {[%clk 0:00:05]} Rc2 {[%clk 0:00:05]} 39. Rh8+
{[%clk 0:00:04]} Kg7 {[%clk 0:00:07]} 40. Rg8+ {[%clk 0:00:05]} Kh7
{[%clk 0:00:08]} 41. Kh3 Rcxf2 {[%clk 0:00:08]} 42. Rb8 {[%clk 0:00:04]} Kh6
{[%clk 0:00:05]} 43. Rxb5 {[%clk 0:00:04]} Rd2 {[%clk 0:00:05]} 44. Be4
{[%clk 0:00:05]} Rff2 {[%clk 0:00:05]} 45. g4 {[%clk 0:00:04]} Rxh2+ 46. Kg3 Rhe2
{[%clk 0:00:05]} 47. Bf3 {[%clk 0:00:07]} Re3 {[%clk 0:00:07]} 48. gxh5
{[%clk 0:00:05]} Rdd3 {[%clk 0:00:07]} 49. hxg6 {[%clk 0:00:05]} Rxf3+
{[%clk 0:00:09]} 50. Kg2 {[%clk 0:00:06]} Rf6 {[%clk 0:00:09]} 51. Rb8
{[%clk 0:00:06]} Rxg6+ {[%clk 0:00:10]} 52. Kf2 {[%clk 0:00:08]} e4
{[%clk 0:00:11]} 53. b4 {[%clk 0:00:09]} Rc6 {[%clk 0:00:11]} 54. b5
{[%clk 0:00:07]} Rc2+ {[%clk 0:00:12]} 55. Ke1 {[%clk 0:00:09]} Rb3
{[%clk 0:00:14]} 56. Rb6+ {[%clk 0:00:10]} Kg5 {[%clk 0:00:15]} 57. Rd6
{[%clk 0:00:10]} Rb1+ {[%clk 0:00:16]} 58. Rd1 {[%clk 0:00:11]} Rxd1+
{[%clk 0:00:17]} 59. Kxd1 Rb2 0-1

[Event "c14"]
[Site "?"]
[Date "2020.08.27"]
[Round "8.3"]
[White "Myrmus, Mateusz"]
[Black "Klimkowski, Jan"]
[Result "0-1"]
[BlackElo "1902"]
[WhiteElo "1434"]
[LiveChessVersion "1.4.8"]

1. e4 {[%clk 0:03:03]} c5 {[%clk 0:03:02]} 2. c3 {[%clk 0:03:03]} d5
{[%clk 0:03:02]} 3. exd5 {[%clk 0:03:03]} Qxd5 {[%clk 0:03:03]} 4. d4
{[%clk 0:03:04]} Nc6 {[%clk 0:03:05]} 5. Nf3 {[%clk 0:03:05]} Bf5
{[%clk 0:03:05]} 6. Nbd2 {[%clk 0:02:55]} e6 {[%clk 0:02:29]} 7. Bc4
{[%clk 0:02:53]} Qd6 {[%clk 0:02:30]} 8. O-O {[%clk 0:02:42]} O-O-O
{[%clk 0:02:30]} 9. Nb3 {[%clk 0:02:13]} cxd4 {[%clk 0:02:26]} 10. Nbxd4
{[%clk 0:02:00]} e5 {[%clk 0:02:03]} 11. Nxf5 {[%clk 0:01:27]} Qxd1
{[%clk 0:02:02]} 12. Rxd1 {[%clk 0:01:28]} Rxd1+ {[%clk 0:02:03]} 13. Bf1
{[%clk 0:01:28]} f6 {[%clk 0:01:57]} 14. g3 {[%clk 0:01:23]} Rd8 {[%clk 0:01:57]}
15. Kg2 {[%clk 0:01:18]} Nge7 {[%clk 0:01:57]} 16. Nxe7+ {[%clk 0:01:18]} Bxe7
{[%clk 0:01:58]} 17. Be3 {[%clk 0:01:19]} Kb8 {[%clk 0:01:58]} 18. Bc4
{[%clk 0:01:18]} Bd6 {[%clk 0:01:56]} 19. Nh4 {[%clk 0:01:17]} Ne7
{[%clk 0:01:56]} 20. Rd1 {[%clk 0:01:10]} Bc7 {[%clk 0:01:57]} 21. Rxd8+ Rxd8
{[%clk 0:01:58]} 22. Kf1 {[%clk 0:01:00]} Bb6 {[%clk 0:01:51]} 23. Bxb6
{[%clk 0:00:52]} axb6 {[%clk 0:01:52]} 24. Ke2 {[%clk 0:00:53]} Kc7
{[%clk 0:01:53]} 25. Ng2 {[%clk 0:00:51]} Nc6 {[%clk 0:01:52]} 26. Ne3
{[%clk 0:00:50]} Ne7 {[%clk 0:01:53]} 27. h4 {[%clk 0:00:49]} Kc6
{[%clk 0:01:47]} 28. a3 {[%clk 0:00:49]} e4 {[%clk 0:01:44]} 29. f3
{[%clk 0:00:43]} exf3+ 30. Kxf3 {[%clk 0:00:44]} Ng6 {[%clk 0:01:45]} 31. Be2
{[%clk 0:00:24]} Ne5+ {[%clk 0:01:45]} 32. Kf4 {[%clk 0:00:21]} Rd2
{[%clk 0:01:43]} 33. Bf3+ {[%clk 0:00:15]} Nxf3 {[%clk 0:01:43]} 34. Kxf3
{[%clk 0:00:16]} Rxb2 {[%clk 0:01:42]} 35. Nf5 {[%clk 0:00:17]} g6
{[%clk 0:01:41]} 36. Ne7+ {[%clk 0:00:11]} Kd6 {[%clk 0:01:40]} 37. Nc8+
{[%clk 0:00:10]} Kc5 {[%clk 0:01:41]} 0-1

[Event "c14"]
[Site "?"]
[Date "2020.08.27"]
[Round "8.4"]
[White "Malinowski, Szymon"]
[Black "Paprocki, Antoni"]
[Result "0-1"]
[BlackElo "1878"]
[WhiteElo "1663"]
[LiveChessVersion "1.4.8"]

1. d4 {[%clk 0:03:03]} Nf6 {[%clk 0:03:03]} 2. Nf3 {[%clk 0:03:04]} e6
{[%clk 0:03:03]} 3. Bg5 {[%clk 0:03:04]} d5 {[%clk 0:02:58]} 4. e3
{[%clk 0:03:03]} Be7 {[%clk 0:02:53]} 5. Bd3 {[%clk 0:03:04]} c5 {[%clk 0:02:54]}
6. c3 {[%clk 0:03:04]} Nc6 {[%clk 0:02:49]} 7. Nbd2 {[%clk 0:03:05]} b6
{[%clk 0:02:50]} 8. Bb5 {[%clk 0:02:51]} Bd7 {[%clk 0:02:46]} 9. O-O
{[%clk 0:02:47]} O-O {[%clk 0:02:47]} 10. Bd3 {[%clk 0:01:59]} h6
{[%clk 0:02:45]} 11. Bh4 {[%clk 0:02:00]} Qc7 {[%clk 0:02:46]} 12. e4
{[%clk 0:01:29]} dxe4 {[%clk 0:02:47]} 13. Nxe4 {[%clk 0:01:29]} Nxe4
{[%clk 0:02:33]} 14. Bxe4 {[%clk 0:01:23]} Bxh4 {[%clk 0:02:22]} 15. Nxh4
{[%clk 0:01:23]} cxd4 {[%clk 0:02:23]} 16. Bxc6 {[%clk 0:01:10]} Bxc6
{[%clk 0:02:22]} 17. Qxd4 {[%clk 0:01:09]} Rad8 {[%clk 0:02:19]} 18. Qe3
{[%clk 0:01:08]} Rd5 {[%clk 0:02:11]} 19. Nf3 {[%clk 0:01:04]} Rfd8
{[%clk 0:02:08]} 20. Rfe1 {[%clk 0:00:39]} Rd3 {[%clk 0:02:04]} 21. Qe2
{[%clk 0:00:34]} Bxf3 {[%clk 0:02:04]} 22. gxf3 {[%clk 0:00:34]} Qf4
{[%clk 0:02:05]} 23. Rad1 {[%clk 0:00:17]} Rd2 {[%clk 0:02:06]} 24. Rxd2
{[%clk 0:00:17]} Rxd2 {[%clk 0:02:07]} 25. Qe3 {[%clk 0:00:13]} Qxe3
{[%clk 0:02:02]} 26. Rxe3 {[%clk 0:00:13]} Rxb2 {[%clk 0:02:03]} 27. a3
{[%clk 0:00:12]} Rb3 {[%clk 0:02:00]} 28. c4 {[%clk 0:00:13]} Rxe3
{[%clk 0:01:58]} 29. fxe3 {[%clk 0:00:13]} Kf8 {[%clk 0:01:59]} 30. Kf2
{[%clk 0:00:10]} Ke7 {[%clk 0:02:01]} 31. Ke2 {[%clk 0:00:10]} Kd6
{[%clk 0:02:02]} 32. Kd3 {[%clk 0:00:11]} Kc5 {[%clk 0:02:03]} 33. Kc3
{[%clk 0:00:10]} g5 {[%clk 0:02:00]} 34. h3 {[%clk 0:00:10]} f5 {[%clk 0:01:56]}
35. a4 {[%clk 0:00:05]} h5 {[%clk 0:01:50]} 36. Kd4+ 0-1

[Event "c14"]
[Site "?"]
[Date "2020.08.27"]
[Round "8.5"]
[White "Karolczuk, Iwo"]
[Black "Kusiak, Mateusz"]
[Result "1-0"]
[BlackElo "1633"]
[WhiteElo "2044"]
[LiveChessVersion "1.4.8"]

1. d4 Nf6 2. Nf3 g6 3. c3 Bg7 4. Bf4 O-O 5. e3 d6 6. h3 Nbd7 7. Be2 c5 8. O-O b6
9. a4 Bb7 10. Nbd2 Rc8 11. a5 Qc7 12. Re1 a6 13. axb6 Qxb6 14. Nc4 Qc7 15. Na5
cxd4 16. exd4 Nb6 17. Nxb7 Qxb7 18. Bxa6 Qc6 19. Bxc8 Rxc8 20. Bg3 Nfd5 21. Nd2
h5 22. Rc1 Nc4 23. Nxc4 Qxc4 24. b3 Qc6 25. c4 Nb4 26. Rxe7 Na2 27. Rc2 Nb4 28.
Rce2 Qa6 29. Qe1 Kh7 30. Qxb4 Bxd4 31. Rxf7+ Bg7 32. Qc3 Rg8 33. Ree7 1-0

[Event "c14"]
[Site "?"]
[Date "2020.08.27"]
[Round "8.6"]
[White "Demski, Michal"]
[Black "Janeczko, Jakub"]
[Result "1/2-1/2"]
[BlackElo "1656"]
[WhiteElo "1773"]
[LiveChessVersion "1.4.8"]

1. e4 {[%clk 0:03:02]} c5 {[%clk 0:03:02]} 2. Nc3 {[%clk 0:03:02]} Nc6
{[%clk 0:03:01]} 3. g3 {[%clk 0:03:03]} g6 {[%clk 0:03:00]} 4. Bg2
{[%clk 0:03:04]} Bg7 {[%clk 0:03:01]} 5. Nge2 {[%clk 0:03:04]} d6
{[%clk 0:03:01]} 6. d3 {[%clk 0:03:05]} e5 {[%clk 0:02:52]} 7. Be3
{[%clk 0:03:03]} Nge7 {[%clk 0:02:51]} 8. Qd2 {[%clk 0:03:04]} Be6
{[%clk 0:02:48]} 9. Bh6 {[%clk 0:03:02]} Bxh6 {[%clk 0:02:39]} 10. Qxh6
{[%clk 0:03:02]} Qd7 {[%clk 0:02:36]} 11. O-O {[%clk 0:02:49]} O-O-O
{[%clk 0:02:32]} 12. a3 {[%clk 0:02:49]} f5 {[%clk 0:02:28]} 13. exf5
{[%clk 0:02:33]} Nxf5 {[%clk 0:02:10]} 14. Qd2 {[%clk 0:02:34]} d5
{[%clk 0:01:59]} 15. b4 {[%clk 0:02:27]} cxb4 {[%clk 0:01:45]} 16. axb4
{[%clk 0:02:28]} Kb8 {[%clk 0:01:45]} 17. b5 {[%clk 0:02:27]} Ncd4
{[%clk 0:01:45]} 18. Nxd4 {[%clk 0:02:07]} Nxd4 {[%clk 0:01:45]} 19. b6
{[%clk 0:02:05]} a6 {[%clk 0:01:42]} 20. Ne2 {[%clk 0:02:05]} Nc6
{[%clk 0:01:30]} 21. d4 {[%clk 0:01:54]} e4 {[%clk 0:01:21]} 22. c4 dxc4
{[%clk 0:01:13]} 23. Qf4+ {[%clk 0:01:36]} Ka8 {[%clk 0:01:10]} 24. Qxe4
{[%clk 0:01:32]} Bd5 {[%clk 0:01:07]} 25. Qxd5 {[%clk 0:01:22]} Qxd5
{[%clk 0:01:08]} 26. Bxd5 {[%clk 0:01:23]} Rxd5 {[%clk 0:01:08]} 27. Rfd1
{[%clk 0:01:20]} Rhd8 {[%clk 0:01:07]} 28. Rac1 {[%clk 0:00:34]} Nxd4
{[%clk 0:01:05]} 29. Nxd4 {[%clk 0:00:31]} Rxd4 {[%clk 0:01:06]} 30. Rxd4
{[%clk 0:00:26]} Rxd4 {[%clk 0:01:06]} 31. Kf1 {[%clk 0:00:26]} Kb8
{[%clk 0:01:04]} 32. Ke2 {[%clk 0:00:26]} Kc8 {[%clk 0:01:04]} 33. Ke3
{[%clk 0:00:27]} Rd6 {[%clk 0:00:49]} 34. Rxc4+ {[%clk 0:00:27]} Rc6
{[%clk 0:00:51]} 35. Rb4 {[%clk 0:00:25]} Kd7 {[%clk 0:00:49]} 36. h4
{[%clk 0:00:19]} Ke6 {[%clk 0:00:45]} 37. Ke4 {[%clk 0:00:14]} Rc5
{[%clk 0:00:43]} 38. f4 {[%clk 0:00:12]} h6 {[%clk 0:00:36]} 39. g4
{[%clk 0:00:13]} h5 {[%clk 0:00:36]} 40. g5 {[%clk 0:00:09]} Rb5 {[%clk 0:00:27]}
41. Rd4 {[%clk 0:00:07]} Rxb6 {[%clk 0:00:26]} 42. Rd8 {[%clk 0:00:07]} Rb4+
{[%clk 0:00:27]} 43. Ke3 {[%clk 0:00:08]} a5 {[%clk 0:00:26]} 44. Rg8
{[%clk 0:00:07]} Kf7 {[%clk 0:00:24]} 45. Rc8 {[%clk 0:00:05]} a4
{[%clk 0:00:16]} 46. Rc7+ {[%clk 0:00:06]} Ke6 {[%clk 0:00:16]} 47. Rc5
{[%clk 0:00:05]} a3 {[%clk 0:00:13]} 48. Ra5 {[%clk 0:00:06]} Rb3+
{[%clk 0:00:15]} 49. Ke4 {[%clk 0:00:07]} b6 {[%clk 0:00:15]} 50. Ra6
{[%clk 0:00:08]} Rb4+ {[%clk 0:00:16]} 51. Ke3 {[%clk 0:00:09]} Rb3+
{[%clk 0:00:16]} 52. Ke4 {[%clk 0:00:10]} Kd6 {[%clk 0:00:13]} 53. f5
{[%clk 0:00:08]} Rb4+ {[%clk 0:00:14]} 54. Ke3 {[%clk 0:00:09]} gxf5
{[%clk 0:00:15]} 55. g6 {[%clk 0:00:08]} Rxh4 {[%clk 0:00:08]} 56. Rxb6+
{[%clk 0:00:10]} Ke7 {[%clk 0:00:08]} 57. Ra6 {[%clk 0:00:08]} Rg4
{[%clk 0:00:08]} 58. Kf3 {[%clk 0:00:09]} a2 {[%clk 0:00:08]} 59. Rxa2
{[%clk 0:00:10]} Rxg6 {[%clk 0:00:09]} 60. Kf4 {[%clk 0:00:11]} 1/2-1/2

[Event "c14"]
[Site "?"]
[Date "2020.08.27"]
[Round "8.7"]
[White "Wnek, Filip"]
[Black "Herwy, Jakub"]
[Result "1/2-1/2"]
[BlackElo "1741"]
[WhiteElo "1607"]
[LiveChessVersion "1.4.8"]

1. e4 c5 2. Nf3 e6 3. c4 a6 4. d4 cxd4 5. Nxd4 Nf6 6. Nc3 Qc7 7. a3 b6 8. Be3 Bb7
9. f3 d6 10. Be2 Nbd7 11. O-O Be7 12. Rc1 Rc8 13. Qd2 Qb8 14. b4 Bd8 15. Kh1 Bc7
16. g3 h5 17. Nb3 h4 18. g4 Ne5 19. g5 Nh5 20. f4 Ng6 21. Bxh5 Rxh5 22. Qe2 Rh8
23. Rcd1 Qa8 24. Nd2 Bd8 25. Kg1 b5 26. c5 dxc5 27. Bxc5 Be7 28. Qf2 Bxc5 29.
bxc5 Qa7 30. Nb3 Bc6 31. Qd4 Kf8 32. Na5 Kg8 33. Rc1 Kh7 34. f5 exf5 35. exf5 Ne7
36. Qf2 Nd5 37. Nxd5 Bxd5 38. Qxh4+ Kg8 39. Qf4 Re8 40. Rfe1 Qd7 41. Rxe8+ Qxe8
42. Qf2 Qe4 43. Kf1 Qh1+ 44. Qg1 Qf3+ 45. Qf2 Qh1+ 1/2-1/2

[Event "c14"]
[Site "?"]
[Date "2020.08.27"]
[Round "8.8"]
[White "Malek, Jan"]
[Black "Taranowicz, Michal"]
[Result "1-0"]
[BlackElo "1433"]
[WhiteElo "1703"]
[LiveChessVersion "1.4.8"]

1. e4 {[%clk 0:03:02]} e6 {[%clk 0:03:03]} 2. d3 {[%clk 0:02:57]} d5
{[%clk 0:03:01]} 3. Qe2 {[%clk 0:02:58]} Be7 {[%clk 0:02:51]} 4. g3
{[%clk 0:02:56]} Nf6 {[%clk 0:02:51]} 5. Bg2 {[%clk 0:02:57]} c5 {[%clk 0:02:49]}
6. Nf3 {[%clk 0:02:57]} Nc6 {[%clk 0:02:51]} 7. O-O {[%clk 0:02:58]} O-O
{[%clk 0:02:50]} 8. Bf4 {[%clk 0:02:58]} b5 {[%clk 0:02:39]} 9. e5
{[%clk 0:02:57]} Nd7 {[%clk 0:02:36]} 10. a4 {[%clk 0:02:55]} Rb8
{[%clk 0:02:29]} 11. axb5 {[%clk 0:02:52]} Rxb5 {[%clk 0:02:30]} 12. b3
{[%clk 0:02:53]} Qb6 {[%clk 0:02:24]} 13. Bd2 {[%clk 0:02:46]} Qc7
{[%clk 0:02:15]} 14. Re1 {[%clk 0:02:44]} a5 {[%clk 0:01:59]} 15. Nc3
{[%clk 0:02:41]} Rb6 {[%clk 0:01:47]} 16. Ra4 {[%clk 0:02:42]} d4
{[%clk 0:01:42]} 17. Nb1 {[%clk 0:02:33]} Bb7 {[%clk 0:01:39]} 18. Na3
{[%clk 0:02:33]} Nb4 {[%clk 0:01:35]} 19. Nc4 {[%clk 0:02:19]} Ra6
{[%clk 0:01:34]} 20. Bxb4 {[%clk 0:02:15]} axb4 {[%clk 0:01:34]} 21. Rea1
{[%clk 0:02:16]} Rfa8 {[%clk 0:01:28]} 22. Rxa6 {[%clk 0:02:00]} Rxa6
{[%clk 0:01:29]} 23. Qe1 {[%clk 0:02:00]} Nb6 {[%clk 0:01:01]} 24. Nfd2
{[%clk 0:01:54]} h6 {[%clk 0:00:52]} 25. Nxb6 {[%clk 0:01:52]} Qxb6
{[%clk 0:00:52]} 26. Nc4 {[%clk 0:01:52]} Qa7 {[%clk 0:00:48]} 27. Bxb7
{[%clk 0:01:48]} Qxb7 {[%clk 0:00:48]} 28. Rxa6 {[%clk 0:01:46]} Qxa6
{[%clk 0:00:49]} 29. Qe4 {[%clk 0:01:46]} h5 {[%clk 0:00:36]} 30. Kg2
{[%clk 0:01:44]} h4 {[%clk 0:00:34]} 31. gxh4 {[%clk 0:01:17]} Qa2
{[%clk 0:00:15]} 32. Qb7 {[%clk 0:01:04]} Bf8 {[%clk 0:00:05]} 1-0

[Event "c14"]
[Site "?"]
[Date "2020.08.27"]
[Round "8.9"]
[White "Matela, Krzysztof"]
[Black "Wieczorek, Mikolaj"]
[Result "1-0"]
[BlackElo "1452"]
[WhiteElo "1692"]
[LiveChessVersion "1.4.8"]

1. e4 {[%clk 0:03:03]} c5 {[%clk 0:03:03]} 2. Nc3 {[%clk 0:03:04]} Nc6
{[%clk 0:03:03]} 3. Bb5 {[%clk 0:03:05]} g6 {[%clk 0:03:00]} 4. Bxc6
{[%clk 0:03:06]} bxc6 {[%clk 0:03:00]} 5. Nf3 {[%clk 0:03:08]} Bg7
{[%clk 0:03:01]} 6. O-O {[%clk 0:03:07]} e5 {[%clk 0:03:02]} 7. Re1
{[%clk 0:03:06]} Ne7 {[%clk 0:03:00]} 8. b3 {[%clk 0:03:07]} O-O {[%clk 0:02:59]}
9. Ba3 {[%clk 0:03:06]} d6 {[%clk 0:02:59]} 10. Qe2 {[%clk 0:03:05]} h6
{[%clk 0:02:42]} 11. h3 {[%clk 0:03:06]} f5 {[%clk 0:02:35]} 12. Qc4+
{[%clk 0:02:59]} Kh7 {[%clk 0:02:34]} 13. d3 {[%clk 0:02:48]} f4 {[%clk 0:02:13]}
14. Kf1 {[%clk 0:02:34]} Rf6 {[%clk 0:02:04]} 15. Na4 {[%clk 0:02:35]} Be6
{[%clk 0:01:58]} 16. Qc3 {[%clk 0:02:36]} Rf8 {[%clk 0:01:57]} 17. Rad1
{[%clk 0:02:19]} a5 {[%clk 0:01:57]} 18. Qd2 {[%clk 0:02:17]} Qc7
{[%clk 0:01:48]} 19. c3 {[%clk 0:02:15]} Qc8 {[%clk 0:01:36]} 20. Nb6
{[%clk 0:02:03]} Qb7 {[%clk 0:01:35]} 21. Nxa8 Rxa8 {[%clk 0:01:36]} 22. d4
{[%clk 0:01:58]} cxd4 {[%clk 0:01:32]} 23. cxd4 {[%clk 0:01:58]} Qb5+
{[%clk 0:01:28]} 24. Kg1 {[%clk 0:01:57]} a4 {[%clk 0:00:56]} 25. Bxd6
{[%clk 0:01:56]} axb3 26. axb3 {[%clk 0:01:56]} Qxb3 {[%clk 0:00:51]} 27. Bxe7
{[%clk 0:01:51]} Bxh3 {[%clk 0:00:49]} 28. Qd3 {[%clk 0:01:51]} Qxd3
{[%clk 0:00:46]} 29. Rxd3 {[%clk 0:01:52]} Bg4 {[%clk 0:00:47]} 30. Nxe5
{[%clk 0:01:53]} Bxe5 {[%clk 0:00:47]} 31. dxe5 {[%clk 0:01:54]} Re8
{[%clk 0:00:48]} 32. Bf6 {[%clk 0:01:55]} h5 {[%clk 0:00:48]} 33. f3
{[%clk 0:01:56]} Be6 {[%clk 0:00:48]} 34. Ra1 {[%clk 0:01:57]} Rb8
{[%clk 0:00:49]} 35. Ra7+ {[%clk 0:01:58]} Kg8 {[%clk 0:00:47]} 36. Rg7+
{[%clk 0:01:58]} Kf8 {[%clk 0:00:48]} 37. Rxg6 {[%clk 0:01:59]} Rb1+
{[%clk 0:00:49]} 38. Kh2 {[%clk 0:02:00]} h4 {[%clk 0:00:49]} 39. Rd8+
{[%clk 0:01:58]} Kf7 {[%clk 0:00:50]} 40. Rg7# {[%clk 0:01:59]} 1-0

[Event "c14"]
[Site "?"]
[Date "2020.08.27"]
[Round "8.10"]
[White "Paszkowski, Krystian"]
[Black "Zdybel, Przemyslaw"]
[Result "0-1"]
[BlackElo "1569"]
[WhiteElo "1812"]
[LiveChessVersion "1.4.8"]

1. d4 {[%clk 0:03:03]} d5 {[%clk 0:03:03]} 2. Nf3 {[%clk 0:03:02]} Nf6
{[%clk 0:02:59]} 3. c4 {[%clk 0:03:03]} e6 {[%clk 0:03:00]} 4. e3
{[%clk 0:03:04]} c5 {[%clk 0:02:58]} 5. cxd5 {[%clk 0:03:04]} exd5
{[%clk 0:02:58]} 6. Be2 {[%clk 0:02:55]} Nc6 {[%clk 0:02:57]} 7. O-O
{[%clk 0:02:52]} Be7 {[%clk 0:02:57]} 8. b3 {[%clk 0:02:51]} O-O {[%clk 0:02:53]}
9. Bb2 {[%clk 0:02:51]} Be6 {[%clk 0:02:45]} 10. Nc3 {[%clk 0:02:44]} Rc8
{[%clk 0:02:35]} 11. dxc5 {[%clk 0:02:35]} Bxc5 {[%clk 0:02:35]} 12. Nb5
{[%clk 0:02:35]} Ne4 {[%clk 0:02:27]} 13. Nbd4 {[%clk 0:02:14]} Qe7
{[%clk 0:02:19]} 14. Rc1 {[%clk 0:01:26]} Ba3 {[%clk 0:02:12]} 15. Nxc6
{[%clk 0:01:11]} bxc6 {[%clk 0:02:12]} 16. Bxa3 {[%clk 0:01:08]} Qxa3
{[%clk 0:02:13]} 17. Qc2 {[%clk 0:01:07]} c5 {[%clk 0:02:07]} 18. Rfd1
{[%clk 0:01:00]} Rfd8 {[%clk 0:01:57]} 19. Bd3 {[%clk 0:00:40]} Nf6
{[%clk 0:01:58]} 20. Ng5 {[%clk 0:00:35]} h6 {[%clk 0:01:53]} 21. Nxe6
{[%clk 0:00:35]} fxe6 {[%clk 0:01:54]} 22. Be2 {[%clk 0:00:32]} e5
{[%clk 0:01:19]} 23. h3 {[%clk 0:00:19]} d4 {[%clk 0:01:15]} 24. Bc4+
{[%clk 0:00:20]} Kh8 {[%clk 0:01:14]} 25. exd4 {[%clk 0:00:10]} cxd4
{[%clk 0:01:15]} 26. Qe2 {[%clk 0:00:10]} e4 {[%clk 0:01:14]} 27. Rd2
{[%clk 0:00:11]} d3 {[%clk 0:01:13]} 28. Qe3 {[%clk 0:00:13]} Qxc1+
{[%clk 0:01:08]} 29. Kh2 {[%clk 0:00:12]} Qc3 {[%clk 0:01:08]} 0-1

[Event "c14"]
[Site "?"]
[Date "2020.08.27"]
[Round "8.11"]
[White "Jeda, Maciej"]
[Black "Bancarewicz, Aleks"]
[Result "1/2-1/2"]
[BlackElo "1714"]
[WhiteElo "1550"]
[LiveChessVersion "1.4.8"]

1. e4 c5 2. Nf3 d6 3. d4 cxd4 4. Nxd4 Nf6 5. Nc3 a6 6. Be2 e5 7. Nb3 Be7 8. O-O
O-O 9. f4 b5 10. Bf3 Bb7 11. a3 Nbd7 12. f5 Rc8 13. Be3 Nb6 14. Bf2 d5 15. exd5
Nbxd5 16. Nxd5 Bxd5 17. Bxd5 Qxd5 18. Qe2 Rfe8 19. Rad1 Qc4 20. Qxc4 Rxc4 21. c3
Ng4 22. h3 Nxf2 23. Rxf2 Bd8 24. Re2 Bb6+ 25. Kh2 Rf4 26. Rd6 Bc7 27. Rxa6 e4 28.
Kg1 Rxf5 29. Nd4 Rd5 30. Rc6 Bb8 31. Rxe4 Rf8 32. Re3 g6 33. Rb6 Ba7 34. Rb7 Bxd4
35. cxd4 Rxd4 36. Rxb5 Rd2 37. Kh2 Rc8 38. Rbe5 Rcc2 1/2-1/2